000 00640nam a2200265Ia 4500
005 20250425162401.0
008 250425s9999 xx 000 0 und d
020 _a9780324581768
041 _aeng
043 _acc
082 _a658
100 _aDAFT, RICHARD L
245 0 _aMANAGEMENT: THE NEW WORKPLACE
250 _a6TH ED.
260 _aChina
_bSOUTH-WESTERN CENGAGE LEARNING
_c2009
260 _aS.L.
300 _a621
650 _aETICA
650 _aINNOVACIONES
650 _aMEDIO AMBIENTE
650 _aRESPONSABILIDAD SOCIAL
710 _aSOUTH-WESTERN CENGAGE LEARNING
942 _c01
010 _a67873
999 _c228114
_d228114